00393nam a2200133 a 450000500170000000800410001702000180005805000190007610000280009524500900012326000100021330000120022365000240023520140412111307.0001109s19uu xx 00 eng d a0-7097-2074-2 aERbCh436 1980 aStevenson, Robert Louis aA Child's garden of verse /cRobert Louis Stevenson ; illustrated by Elizabeth Webbe. c1980. a[14] p. aPoetry for children